Operational Amplifiers And Linear Integrated Circuits (Record no. 304472)
[ view plain ]
| 000 -LEADER | |
|---|---|
| fixed length control field | 00455nam a2200169Ia 4500 |
| 008 - FIXED-LENGTH DATA ELEMENTS--GENERAL INFORMATION | |
| fixed length control field | 230718s9999 xx 000 0 und d |
| 041 ## - LANGUAGE CODE | |
| Language code of text/sound track or separate title | eng |
| 082 ## - DEWEY DECIMAL CLASSIFICATION NUMBER | |
| Classification number | 621.3815 |
| Item number | COU |
| 100 ## - MAIN ENTRY--PERSONAL NAME | |
| Personal name | Coughlin R.F. |
| 9 (RLIN) | 149564 |
| 245 ## - TITLE STATEMENT | |
| Title | Operational Amplifiers And Linear Integrated Circuits |
| 250 ## - EDITION STATEMENT | |
| Edition statement | 6th ed. |
| 260 ## - PUBLICATION, DISTRIBUTION, ETC. (IMPRINT) | |
| Name of publisher, distributor, etc. | Prentice Hall Of India |
| 300 ## - PHYSICAL DESCRIPTION | |
| Extent | 529 |
| 365 ## - TRADE PRICE | |
| Currency code | Rs. |
| Price amount | 225.00 |
| 700 ## - ADDED ENTRY--PERSONAL NAME | |
| Personal name | Coughlin R.F. & Driscoll F.F. |
| 906 ## - LOCAL DATA ELEMENT F, LDF (RLIN) | |
| c | ARCHIT |
| b | 33.75 |
| Withdrawn status | Lost status | Damaged status | Not for loan | Home library | Current library | Date acquired | Vendor | Budget Code | Cost, normal purchase price | Total Checkouts | Full call number | Barcode | Date last seen | Discount | Cost, replacement price | Bill Date | Koha item type | Original Barcode |
|---|---|---|---|---|---|---|---|---|---|---|---|---|---|---|---|---|---|---|
| Cummins College of Engineering for Women Pune | Cummins College of Engineering for Women Pune | 16/10/2002 | Masurkar Enterprises | ARCHIT | 191.25 | 621.3815 | CCEP-BK-15679 | 18/07/2023 | 33.75 | 225.00 | 18/07/2023 | Books | 015679 |